Let us learn astrology / (Record no. 132854)

MARC details
000 -LEADER
fixed length control field 00648nam a22002417a 4500
003 - CONTROL NUMBER IDENTIFIER
control field 0
005 - DATE AND TIME OF LATEST TRANSACTION
control field 20180729135812.0
008 - FIXED-LENGTH DATA ELEMENTS--GENERAL INFORMATION
fixed length control field 0
010 ## - LIBRARY OF CONGRESS CONTROL NUMBER
LC control number B-166001
020 ## - INTERNATIONAL STANDARD BOOK NUMBER
Terms of availability 150.00
International Standard Book Number 8188322539
035 ## - SYSTEM CONTROL NUMBER
System control number B-166001, B-166004
037 ## - SOURCE OF ACQUISITION
Source of stock number/acquisition Cen Lib/Ret
040 ## - CATALOGING SOURCE
Original cataloging agency DPL
Language of cataloging EN
Transcribing agency 0
082 ## - DEWEY DECIMAL CLASSIFICATION NUMBER
Classification number 133.5
Item number BHA
100 ## - MAIN ENTRY--PERSONAL NAME
Personal name Bhasin, Rakesh
9 (RLIN) 35947
245 ## - TITLE STATEMENT
Title Let us learn astrology /
Statement of responsibility, etc by Rakesh Bhasin
260 ## - PUBLICATION, DISTRIBUTION, ETC. (IMPRINT)
Place of publication, distribution, etc New Delhi
Name of publisher, distributor, etc Ocean Books
Date of publication, distribution, etc 2004
270 ## - ADDRESS
Address 4/19 Asaf Ali Road
City New Delhi
Postal code 110002
300 ## - PHYSICAL DESCRIPTION
Extent 115p.
Dimensions 21cm(Hb)
650 ## - SUBJECT ADDED ENTRY--TOPICAL TERM
Topical term or geographic name as entry element Astrology
9 (RLIN) 5898
650 ## - SUBJECT ADDED ENTRY--TOPICAL TERM
Topical term or geographic name as entry element Hindu astrology
9 (RLIN) 34464
942 ## - ADDED ENTRY ELEMENTS (KOHA)
Source of classification or shelving scheme Dewey Decimal Classification
Koha item type English Books
Classification part 133.5
Call number suffix BHA
Holdings
Withdrawn status Lost status Source of classification or shelving scheme Damaged status Not for loan Home library Current library Date acquired Source of acquisition Cost, normal purchase price Total Checkouts Total Renewals Full call number Barcode Date last seen Date checked out Copy number Cost, replacement price Price effective from Koha item type Collection code
    Dewey Decimal Classification     Central Library Central Library 23/07/2015 Cen Lib/Ret 150.00 6 6 133.5 BHA B-166001 06/04/2024 01/04/2024 1 150.00 23/07/2015 English Books  
    Dewey Decimal Classification     New Rohtak Road New Rohtak Road 29/07/2018 BPPD/Pub 150.00     133.5 BHA B-166004 29/07/2018     150.00 29/07/2018 English Books Non-fiction

© Delhi Public Library
Hit Counter
free hit counter